书目信息 |
| 题名: |
新编中国工人运动史
|
|
| 作者: | 李玉赋 主编 | |
| 分册: | 下卷 | |
| 出版信息: | 北京 中国工人出版社 2020.04 |
|
| 页数: | 22,333-845页 | |
| 开本: | 26cm | |
| 丛书名: | ||
| 单 册: | ||
| 中图分类: | K261.3 | |
| 科图分类: | ||
| 主题词: | 工人运动--历史--中国 | |
| 电子资源: | ||
| ISBN: | 978-7-5008-7368-6 | |
| 000 | 01040nam0 2200253 450 | |
| 001 | 0120203001197 | |
| 005 | 20201027093312.90 | |
| 010 | @a978-7-5008-7368-6@dCNY99.00,CNY198.00(全2册) | |
| 100 | @a20200611d2020 em y0chiy50 ea | |
| 101 | 0 | @achi |
| 102 | @aCN@b110000 | |
| 105 | @aa z 000yy | |
| 106 | @ar | |
| 200 | 1 | @a新编中国工人运动史@9xin bian zhong guo gong ren yun dong shi@b专著@h下卷@f李玉赋主编 |
| 205 | @a2版@b修订版 | |
| 210 | @a北京@c中国工人出版社@d2020.04 | |
| 215 | @a22,333-845页@c图,照片@d26cm | |
| 330 | @a本书分为上下卷,约100万字。该书采用通史体例,时间界限起于1840年鸦片战争爆发,贯穿旧民主主义革命、新民主主义革命、社会主义革命和建设、社会主义改革开放和现代化建设,止于2018年中国工会第十七次全国代表大会。全书系统反映了中国共产党领导的工人运动,充分地吸收和借鉴了史学界已有的相关科研成果。 | |
| 333 | @a工人运动历史研究人员 | |
| 606 | 0 | @a工人运动@x历史@y中国 |
| 690 | @aK261.3@v5 | |
| 701 | 0 | @a李玉赋@9li yu fu@4主编 |
| 801 | 0 | @aCN@b人天书店@c20200611 |
| 905 | @b1295404-06@dK261.3@e148:2=2@f3 | |
| 新编中国工人运动史.下卷/李玉赋主编.-2版,修订版.-北京:中国工人出版社,2020.04 |
| 22,333-845页:图,照片;26cm |
| 使用对象:工人运动历史研究人员 |
| ISBN 978-7-5008-7368-6:CNY99.00,CNY198.00(全2册) |
| 本书分为上下卷,约100万字。该书采用通史体例,时间界限起于1840年鸦片战争爆发,贯穿旧民主主义革命、新民主主义革命、社会主义革命和建设、社会主义改革开放和现代化建设,止于2018年中国工会第十七次全国代表大会。全书系统反映了中国共产党领导的工人运动,充分地吸收和借鉴了史学界已有的相关科研成果。 |
| ● |
| 相关链接 |
|
|
|
|
正题名:新编中国工人运动史
索取号:K261.3/148:2=2
 
预约/预借
| 序号 | 登录号 | 条形码 | 馆藏地/架位号 | 状态 | 备注 |
| 1 | 1295404 | 212954043 | 第二样本阅览室/ [索取号:K261.3/148:2=2] | 在馆 | |
| 2 | 1295405 | 212954052 | 第二借阅区/ [索取号:K261.3/148:2=2] | 在馆 | |
| 3 | 1295406 | 212954061 | 第二借阅区/ [索取号:K261.3/148:2=2] | 在馆 |